000 00676nam a2200241Ia 4500
003 GCL
008 140319s9999 xx 000 0 eng d
020 _a2253017787
040 _aGCL /
_cGCL
082 0 4 _a947.085
_bS L
100 1 _aSMITH, HEDRICK
245 1 0 _aLES RUSSES :
_bLA VIE DE TOUS LES JOURS EN UNION SOVIETIQUE /
_cSMITH, HEDRICK
700 1 _aWATKINS, FRANCE - MAIRE
700 1 _aWITTA, JEANNE - MAIRE
700 1 _aSISSUNG, MAND
250 _aSECOND
260 _aفرنسا :
_bEDITIONS PRINCESSE ،
_c1976
300 _a16 CM ؛
_c718 P
490 _aLE LIVRE DE POCHE
_v5012
650 0 4 _aRUSSIA
650 0 4 _aRUSSIA - HISTORY
942 _2ddc
_cBK
999 _c4416
_d4416